Multiscale problems and methods in numerical simulations : lectures given at the C.I.M.E. Summer School held in Martina Franca, Italy 2001, September 9-15, 2001

Αποθηκεύτηκε σε:
Λεπτομέρειες βιβλιογραφικής εγγραφής
Συγγραφή απο Οργανισμό/Αρχή: C.I.M.E. Course on "Multiscale Problems and Methods in Numerical Simulation"
Άλλοι συγγραφείς: Bramble, J. H. (James H.), Cohen, Albert 1965-, Dahmen, Wolfgang 1949-
Μορφή: Βιβλίο
Γλώσσα:English
Δημοσίευση: Berlin ; New York : Springer-Verlag, c2003
Σειρά:Lecture notes in mathematics (Springer-Verlag) ; 1825
Θέματα:
Ετικέτες: Προσθήκη ετικέτας
Δεν υπάρχουν, Καταχωρήστε ετικέτα πρώτοι!

MARC

LEADER 00000nam a2200000 i 4500
001 1/75194
008 080220s2003 eng d
020 |a 3-540-20099-1 
035 |l 10094857 
040 |a GR-MY-UA  |b gre  |e aacr 
041 0 |a eng 
082 0 |a 530.13  |2 (22) 
110 2 |a C.I.M.E. Course on "Multiscale Problems and Methods in Numerical Simulation". 
245 1 0 |a Multiscale problems and methods in numerical simulations :  |b lectures given at the C.I.M.E. Summer School held in Martina Franca, Italy 2001, September 9-15, 2001 /  |c J.H. Bramble, A. Cohen, W. Dahmen ; editor C. Canuto 
260 |a Berlin ; New York :   |b Springer-Verlag,   |c c2003 
300 |a xiii, 161 σ.;  |b εικ.;  |c 24 εκ. 
490 1 |a Lecture notes in mathematics  |v ; 1825 
504 |a Περιέχει βιβλιογραφικές παραπομπές (σ. 150-151) 
650 0 0 |a Statistical mechanics  |x Congresses. 
650 0 0 |a Numerical analysis  |x Congresses. 
650 0 0 |a Semiconductors  |x Statistical methods  |x Congresses. 
700 1 |a Bramble, J. H.  |q (James H.) 
700 1 |a Cohen, Albert  |d 1965- 
700 1 |a Dahmen, Wolfgang  |d 1949- 
830 0 |a Lecture notes in mathematics (Springer-Verlag)  |v ; 1825 
852 |a INST  |b SAMOS  |e 20080220  |h 530.13 CIM  |p 005300026836  |q 005300026836  |t BK  |y 0 
901 |a BIBL3-2008-1 
909 |a Σ  |b 142269 
922 |a 3ΕΛΗ  |b 200712  |c ΕΠΕΑΕΚ2/ΤΜΗΜΑ ΜΑΘΗΜΑΤΙΚΩΝ  |d ΠΑΠΑΣΩΤΗΡΙΟΥ 
970 |a ΡΟΥΣΣΟΥ  |b ΚΩΝΣΤΑΝΤΙΝΑ  |z 2008/02/20